Culture Générale - Série 2379 - Statistiques

Statistiques générales
  • Ce quiz a été pris 112 fois
  • Le résultat moyen est 5 sur 10
Statistiques - réponses
Question Réponse % Correct
Selon l’expression datant du XVIIIe siècle, de quelle couleur est le sang de la noblesse ? bleu
96%
Lorsque que l’on abuse un peu trop du champagne ou du vin, il arrive que l’on voit des éléphants… roses
96%
Dans quel département le massif du Mont-Blanc se situe-t-il ? Haute-Savoie
79%
Quelle est la capitale de la Bosnie-Herzégovine ? Sarajevo
72%
Dans l’adaptation de La Belle et la Bête de Jean Cocteau, sortie en 1946, qui se cache sous le costume de la Bête ? prénom et nom Jean Marais
63%
Quelle ville accueille depuis 1994 le festival international du film fantastique, succédant à Avoriaz ? Gérardmer
30%
Comment le Glaude surnomme-t-il l’extraterrestre au costume jaune dans le film "La Soupe aux choux" ? la denrée
30%
Dans ce même film qui incarne Amy Fowler Kane, l'épouse du shérif ? prénom et nom - voir photo Grace Kelly
27%
Dans le film "Le train sifflera trois fois" de 1952, qui incarne le shérif Will Kane ? prénom et nom Gary Cooper
15%
Naviguer en zigzag pour utiliser un vent contraire (maritime) louvoyer
9%
Aucun quiz correspondant
Distribution des résultats
% des personnes avec chaque résultat
Percentile par nombre de réponses
Votre historique - résultats
Vous n’avez pas pris ce quiz